000 01045nam0a22002651 4500
001 rc\2205755
005 20250623060856.0
035 _a(NLR Aleph) 006617468
090 _a7413624
_c7413624
100 _a20110829d1979 |||y0rusy50 ca
101 0 _arus
102 _aRU
105 _ay z |||||
200 1 _aОпыт работы по привлечению молодежи на угольные предприятия отрасли
210 _aМосква
_cЦНИЭИуголь
_d1979
215 _a[1], 12 с.
_d21
225 1 _aЭкспресс-информация
_fМ-во угол. пром-сти СССР, ЦНИИ экономики и НТИ угол. пром-сти (ЦНИИЭИуголь)
_iСерия "Экономика и управление угольной промышленностью"
700 1 _aПеклун
_bГ.Ф.
701 1 _aТушев
_bЮ.Ф.
801 0 _aRU
_bNLR
_gpsbo
801 1 _aRU
_bELAR
_2rusmarc
852 _aNLR
_j79-4/28038
899 _aRuMoRGB
_jM 79-18/2031
942 _cBOOK
980 _aNB